[Event "7th Asia-ch"]
[Site "Subic Bay PHI"]
[Date "2009.05.20"]
[Round "8"]
[White "Hossain, Enamul"]
[Black "Iuldachev, Saidali"]
[Result "0-1"]
[WhiteElo "2531"]
[BlackElo "2497"]
[EventDate "2009.05.13"]
[PlyCount "102"]

1.e4 e5 2.Nf3 Nc6 3.Bb5 Nf6 4.O-O Nxe4 5.d4 Nd6 6.Bxc6 dxc6 7.dxe5 Nf5 8.
Qxd8+ Kxd8 9.Nc3 h6 10.h3 Bd7 11.b3 Ne7 12.Bb2 c5 13.Rad1 Kc8 14.Ne4 b6 
15.c4 Be6 16.Nc3 a5 17.a4 Kb7 18.Rd2 g5 19.Rfd1 Ng6 20.Nb5 Be7 21.Nh2 h5 
22.Nf1 g4 23.hxg4 hxg4 24.Ne3 Rh5 25.Rd7 Rc8 26.g3 Bf8 27.R1d5 Kb8 28.Rd1 
Bg7 29.Rd8 Bxe5 30.Bxe5 Nxe5 31.Kf1 Nf3 32.Ke2 Kb7 33.Rxc8 Kxc8 34.Na7+ 
Kb7 35.Nb5 c6 36.Nd6+ Kb8 37.Kd3 Rh2 38.Rf1 Nd4 39.Kc3 f5 40.Nc2 Kc7 41.
Ne8+ Kd8 42.Ng7 Bd7 43.Nxd4 cxd4+ 44.Kxd4 Rh7 45.c5 bxc5+ 46.Kxc5 Kc7 47.
b4 axb4 48.Nxf5 Rh5 49.f4 b3 50.Kb4 Rxf5 51.Kxb3 Rd5 0-1

[Event "7th Asia-ch"]
[Site "Subic Bay PHI"]
[Date "2009.05.20"]
[Round "8"]
[White "Kazhgaleev, Murtas"]
[Black "Gundavaa, Bayarsaihan"]
[Result "1-0"]
[WhiteElo "2626"]
[BlackElo "2461"]
[EventDate "2009.05.13"]
[PlyCount "137"]

1.d4 d5 2.c4 c6 3.Nc3 Nf6 4.e3 a6 5.Nf3 b5 6.c5 Nbd7 7.Bd3 e5 8.Nxe5 Nxe5 
9.dxe5 Ng4 10.f4 Bxc5 11.Qf3 Qb6 12.Nd1 Nh6 13.O-O O-O 14.Nf2 f6 15.exf6 
Rxf6 16.Bd2 Bf5 17.b4 Bf8 18.Bc3 Re6 19.Bd4 Qb7 20.Kh1 Qf7 21.Rad1 Bxd3 
22.Nxd3 Nf5 23.Be5 Nd6 24.Nc5 Ree8 25.e4 dxe4 26.Nxe4 Nxe4 27.Qxe4 Qxa2 
28.Qxc6 Qc4 29.Qb7 Rad8 30.h3 Qxb4 31.Rxd8 Rxd8 32.Rc1 Qa3 33.Rc3 Qa2 34.
Kh2 Qd5 35.Qb6 Re8 36.Rc1 b4 37.Qxa6 Ra8 38.Qe2 Ra2 39.Qg4 Ra6 40.Rd1 Qe6 
41.Qg5 Ra8 42.Rd6 Qf7 43.Rb6 Re8 44.Qg3 Re6 45.Rb8 Re8 46.Rb5 Qd7 47.Rb6 
Bc5 48.Ra6 Bf8 49.Qb3+ Qf7 50.Qd3 Re6 51.Ra8 Re8 52.Ra5 g6 53.Rd5 Bh6 54.
Rd4 Bf8 55.Qb5 h6 56.Rc4 Kh7 57.Rd4 Re6 58.Qd3 Re7 59.Rd8 Bg7 60.Qd4 Rb7 
61.Bxg7 Qxg7 62.Qd5 b3 63.f5 g5 64.Rc8 b2 65.f6 b1=Q 66.fxg7 Rxg7 67.Qa8 
Qf5 68.Rh8+ Kg6 69.Qc6+ 1-0

[Event "7th Asia-ch"]
[Site "Subic Bay PHI"]
[Date "2009.05.20"]
[Round "8"]
[White "Ghaem Maghami, Ehsan"]
[Black "Wan Yunguo"]
[Result "1/2-1/2"]
[WhiteElo "2593"]
[BlackElo "2434"]
[EventDate "2009.05.13"]
[PlyCount "122"]

1.d4 Nf6 2.c4 g6 3.g3 c6 4.Bg2 d5 5.Nf3 Bg7 6.Qb3 O-O 7.Nc3 dxc4 8.Qxc4 
Bf5 9.O-O Nbd7 10.Re1 Ne4 11.Bf4 Rc8 12.Nh4 b5 13.Qb3 Be6 14.Qc2 Nxc3 15.
bxc3 Bc4 16.Nf3 c5 17.e4 Qa5 18.Qd2 Rfd8 19.Bh3 Rc6 20.Qe3 Ra6 21.a3 cxd4 
22.cxd4 Nc5 23.Rad1 Ne6 24.Bxe6 Bxe6 25.Rd3 Bg4 26.Rc1 Qa4 27.Ne5 h5 28.h4
b4 29.axb4 Qxb4 30.d5 Re8 31.Nxg4 hxg4 32.e5 Rb6 33.Rcd1 a5 34.Rd4 Qb5 35.
Qe4 Ra6 36.Rb1 Qd7 37.Qd3 Rea8 38.d6 exd6 39.Rxd6 Rxd6 40.exd6 a4 41.Qd5 
Rd8 42.Rb7 Qe6 43.Qxe6 fxe6 44.Ra7 Bd4 45.Rxa4 e5 46.Be3 Rxd6 47.Kf1 Kf7 
48.Ke2 Ke6 49.Kd3 Bxe3+ 50.Kxe3 Kf5 51.Ra8 Rb6 52.Rf8+ Ke6 53.Re8+ Kf5 54.
Rf8+ Ke6 55.Rh8 Rb3+ 56.Ke2 Kf5 57.Rf8+ Ke6 58.Kf1 Rb1+ 59.Kg2 Rb2 60.Rg8 
Kf5 61.Rf8+ Ke6 1/2-1/2

[Event "7th Asia-ch"]
[Site "Subic Bay PHI"]
[Date "2009.05.20"]
[Round "8"]
[White "Nguyen Thanh Son"]
[Black "Gomez, John Paul"]
[Result "1-0"]
[WhiteElo "2362"]
[BlackElo "2538"]
[EventDate "2009.05.13"]
[PlyCount "153"]

1.Nf3 Nf6 2.e3 c5 3.b3 g6 4.Bb2 Bg7 5.Be2 O-O 6.O-O b6 7.a4 a6 8.d4 Bb7 9.
Nbd2 d6 10.c4 e6 11.Re1 Nc6 12.Bf1 Qc7 13.Qe2 Rfe8 14.Red1 Nb4 15.Rac1 e5 
16.d5 b5 17.Ra1 bxc4 18.bxc4 Nd7 19.Ne1 e4 20.Bxg7 Kxg7 21.Nb3 Ne5 22.Qb2 
Rab8 23.a5 Qe7 24.Nd2 f5 25.Nb1 Bc8 26.Qd2 Qf6 27.Nc3 Bd7 28.Rdb1 g5 29.
Na2 Rec8 30.Nxb4 cxb4 31.Qd4 f4 32.Ra2 Rb7 33.Rc2 b3 34.Rc3 fxe3 35.Qxe3 
Ng4 36.Qd2 Rf8 37.Rbxb3 Nxf2 38.Nf3 Rxb3 39.Rxb3 Nh3+ 40.gxh3 exf3 41.Qf2 
Bc8 42.Rb6 Qe5 43.Rb8 Kh6 44.Rb6 Kg7 45.Rb8 Qc3 46.Qb2 Qxb2 47.Rxb2 Kf6 
48.Kf2 Ke5 49.Rb8 Re8 50.c5 Kxd5 51.cxd6 Kxd6 52.Bxa6 Bd7 53.Rxe8 Bxe8 54.
Kxf3 Bd7 55.Kg3 Kc5 56.Be2 Bc8 57.h4 h6 58.h5 Kd6 59.Kf3 Ke5 60.Ke3 Bb7 
61.Bf3 Ba6 62.Bg2 Bb5 63.Be4 Ba6 64.Bd3 Bb7 65.Bc4 Bc8 66.Kd3 g4 67.Ke3 
Bb7 68.Bb5 Bc8 69.Be2 Kf5 70.Kd4 Kf4 71.Bd1 Kg5 72.Ke5 Kh4 73.Kf6 Bb7 74.
Kg6 Bf3 75.Bb3 Kh3 76.Be6 Kxh2 77.Bxg4 1-0

[Event "7th Asia-ch"]
[Site "Subic Bay PHI"]
[Date "2009.05.20"]
[Round "8"]
[White "Priyadharshan, Kannappan"]
[Black "Gao Rui"]
[Result "0-1"]
[WhiteElo "2411"]
[BlackElo "2500"]
[EventDate "2009.05.13"]
[PlyCount "80"]

1.e4 c5 2.Nf3 d6 3.d4 cxd4 4.Nxd4 Nf6 5.Nc3 a6 6.h3 e6 7.g4 Nc6 8.Bg2 Be7 
9.Be3 h6 10.Qe2 Bd7 11.f4 Qc7 12.O-O Nxd4 13.Bxd4 e5 14.Be3 exf4 15.Rxf4 
O-O 16.Raf1 Be6 17.Rxf6 Bxf6 18.Rxf6 gxf6 19.Qf2 Qa5 20.Bxh6 Qc5 21.Be3 
Qa5 22.Bd4 Qg5 23.Bxf6 Qh6 24.Ne2 Rac8 25.c3 Rfe8 26.a3 Rc5 27.Ng3 Rb5 28.
Bd4 Re5 29.Nh5 Rxh5 30.gxh5 Kh7 31.Qf3 Qc1+ 32.Kh2 Rg8 33.b4 Qd2 34.a4 Rg5
35.a5 Rg8 36.Bf6 Rxg2+ 37.Qxg2 Qf4+ 38.Qg3 Qxf6 39.Qxd6 Qf2+ 40.Kh1 Bxh3 
0-1

[Event "7th Asia-ch"]
[Site "Subic Bay PHI"]
[Date "2009.05.20"]
[Round "8"]
[White "Mahjoob, Morteza"]
[Black "Pak, Evgeny"]
[Result "1-0"]
[WhiteElo "2498"]
[BlackElo "2328"]
[EventDate "2009.05.13"]
[PlyCount "87"]

1.e4 c5 2.Nf3 Nc6 3.c3 Nf6 4.e5 Nd5 5.d4 cxd4 6.cxd4 d6 7.Bc4 e6 8.O-O Be7
9.Qe2 O-O 10.Nc3 Nxc3 11.bxc3 dxe5 12.dxe5 Qa5 13.Rb1 Rd8 14.Bd3 Qa4 15.
Bc2 Qa5 16.Bg5 Bxg5 17.Nxg5 h6 18.Nf3 Qxc3 19.Rfc1 Nd4 20.Nxd4 Qxd4 21.Rd1
Qh4 22.Qe4 Rxd1+ 23.Rxd1 Qxe4 24.Rd8+ Kh7 25.Bxe4+ g6 26.f4 Kg7 27.h4 Rb8 
28.a4 a6 29.a5 b5 30.axb6 Rxb6 31.Rxc8 Rb4 32.Bd3 Rxf4 33.Rc4 Rxc4 34.Bxc4
a5 35.Kf2 f6 36.Bxe6 fxe5 37.g4 Kf6 38.Bd7 e4 39.Ke3 Ke5 40.Ba4 h5 41.g5 
Kf5 42.Bd1 a4 43.Bxa4 Kg4 44.Kxe4 1-0

[Event "7th Asia-ch"]
[Site "Subic Bay PHI"]
[Date "2009.05.20"]
[Round "8"]
[White "Harika, Dronavalli"]
[Black "Zhang Ziyang"]
[Result "1-0"]
[WhiteElo "2474"]
[BlackElo "2419"]
[EventDate "2009.05.13"]
[PlyCount "51"]

1.d4 d5 2.c4 c6 3.Nf3 Nf6 4.Nc3 e6 5.Bg5 dxc4 6.e4 b5 7.e5 h6 8.Bh4 g5 9.
Bg3 Nd5 10.Nd2 Nd7 11.Be2 Bb7 12.a4 a6 13.O-O Qb6 14.Nde4 Be7 15.Qd2 b4 
16.Nxd5 cxd5 17.a5 Qb5 18.Nd6+ Bxd6 19.exd6 b3 20.f4 gxf4 21.Bh4 Rh7 22.
Qxf4 Nf8 23.Bh5 Kd7 24.Bxf7 Rc8 25.Be7 c3 26.Bxf8 1-0

[Event "7th Asia-ch"]
[Site "Subic Bay PHI"]
[Date "2009.05.20"]
[Round "8"]
[White "Ashwin, Jayaram"]
[Black "Gonzales, Jayson"]
[Result "1/2-1/2"]
[WhiteElo "2413"]
[BlackElo "2465"]
[EventDate "2009.05.13"]
[PlyCount "89"]

1.e4 Nc6 2.Nf3 d6 3.d4 Nf6 4.Nc3 g6 5.h3 Bg7 6.Bg5 h6 7.Be3 a6 8.Qd2 e5 9.
O-O-O Bd7 10.g4 h5 11.dxe5 dxe5 12.g5 Nh7 13.Bc4 Be6 14.Qe2 Qc8 15.Bxe6 
Qxe6 16.Bc5 Nf8 17.Nd5 O-O-O 18.Qc4 Nd7 19.Rd3 Nxc5 20.Qxc5 Rd7 21.Rhd1 
Rhd8 22.Nd2 Bf8 23.Qc3 Kb8 24.Nb3 h4 25.Kb1 Bd6 26.Nf6 Re7 27.Nc5 Qc8 28.
Nxa6+ Ka7 29.Nc5 b6 30.Ne6 Rxe6 31.Qxc6 Be7 32.Qa4+ Kb8 33.Nd5 Bxg5 34.Nb4
Rxd3 35.Rxd3 Rd6 36.Rxd6 cxd6 37.Qb5 Ka7 38.Qa4+ Kb8 39.Qb5 Qxh3 40.Qxb6+ 
Ka8 41.Qa6+ Kb8 42.Qxd6+ Kc8 43.Qc6+ Kd8 44.Qd6+ Kc8 45.Qc6+ 1/2-1/2

[Event "7th Asia-ch"]
[Site "Subic Bay PHI"]
[Date "2009.05.20"]
[Round "8"]
[White "Nguyen Van Huy"]
[Black "Irwanto, Sadikin"]
[Result "0-1"]
[WhiteElo "2423"]
[BlackElo "2447"]
[EventDate "2009.05.13"]
[PlyCount "190"]

1.e4 e5 2.Nf3 Nc6 3.Bb5 a6 4.Ba4 Nf6 5.O-O Be7 6.Re1 b5 7.Bb3 d6 8.a4 Bg4 
9.c3 Na5 10.Bc2 c5 11.h3 Bxf3 12.Qxf3 O-O 13.d3 b4 14.Nd2 Rb8 15.Nf1 bxc3 
16.bxc3 Ne8 17.Qg3 Nc7 18.Ne3 Kh8 19.Ba3 Bg5 20.d4 Bxe3 21.fxe3 Nc4 22.Bc1
Qe7 23.a5 cxd4 24.exd4 Nb5 25.Bd3 Qc7 26.Bxc4 Qxc4 27.dxe5 Nxc3 28.Kh2 
dxe5 29.Qxe5 Rfe8 30.Qf4 Ne2 31.Qf3 Nd4 32.Qf1 Qe6 33.Bf4 Rbd8 34.Rab1 Nb5
35.Bg3 h6 36.Qf5 Kg8 37.Rbc1 Nd4 38.Qxe6 Rxe6 39.Rcd1 Nc6 40.Rxd8+ Nxd8 
41.Rb1 Nc6 42.Bc7 Re7 43.Bd6 Rxe4 44.Rb6 Nxa5 45.Rxa6 Nc4 46.Bc5 Re2 47.
Ra4 Ne5 48.Ra3 Nc4 49.Rf3 f6 50.Rf2 Re5 51.Bd4 Rd5 52.Ba7 Nd2 53.Be3 Nc4 
54.Bf4 g5 55.Rc2 Rd4 56.Bc1 f5 57.Ra2 f4 58.Ra4 Kf7 59.Ba3 Ke6 60.Bc5 Re4 
61.Kg1 Kd5 62.Bf8 h5 63.Kf2 g4 64.hxg4 hxg4 65.Ra1 g3+ 66.Kg1 Re6 67.Bg7 
Ke4 68.Ra4 Kf5 69.Bc3 Ne3 70.Ra5+ Kg4 71.Ra2 Rb6 72.Rb2 Ra6 73.Rb5 Rd6 74.
Rb1 Rd3 75.Bb4 Rd5 76.Bc3 Kf5 77.Kh1 Ke4 78.Kg1 Kd3 79.Bg7 Rc5 80.Bh6 Rc4 
81.Kh1 Ke4 82.Ra1 Kf5 83.Re1 Rc7 84.Ra1 Rd7 85.Ra5+ Ke4 86.Ra4+ Kd3 87.
Ra3+ Kc2 88.Kg1 Rb7 89.Ra1 Rb4 90.Bf8 Rc4 91.Bd6 Kd3 92.Kh1 Ke4 93.Bb8 Rc2
94.Ra4+ Kf5 95.Ra1 Nxg2 0-1

[Event "7th Asia-ch"]
[Site "Subic Bay PHI"]
[Date "2009.05.20"]
[Round "8"]
[White "Abu Sufian, Shakil"]
[Black "Wang Rui"]
[Result "1/2-1/2"]
[WhiteElo "2378"]
[BlackElo "2434"]
[EventDate "2009.05.13"]
[PlyCount "65"]

1.e4 e5 2.Nf3 Nc6 3.Bb5 Nf6 4.O-O Nxe4 5.d4 Nd6 6.Bxc6 dxc6 7.dxe5 Nf5 8.
Qxd8+ Kxd8 9.Nc3 h6 10.b3 a5 11.Bb2 Ke8 12.Rad1 Bb4 13.a3 Be7 14.Rfe1 Be6 
15.h3 h5 16.Ne4 b6 17.Nfg5 Bxg5 18.Nxg5 c5 19.Nxe6 fxe6 20.c4 Rd8 21.Rxd8+
Kxd8 22.Rd1+ Kc8 23.Kf1 Rf8 24.Rd3 Rd8 25.Ke2 Rxd3 26.Kxd3 Kd7 27.Ke4 Ke8 
28.g4 hxg4 29.hxg4 Ne7 30.a4 g6 31.f4 Kd7 32.Bc3 Ke8 33.Bb2 1/2-1/2

[Event "7th Asia-ch"]
[Site "Subic Bay PHI"]
[Date "2009.05.20"]
[Round "8"]
[White "Al-Huwar, Jasem"]
[Black "Hafizulhelmi, Mas"]
[Result "0-1"]
[WhiteElo "2293"]
[BlackElo "2421"]
[EventDate "2009.05.13"]
[PlyCount "70"]

1.Nf3 g6 2.e4 Bg7 3.d4 d6 4.Nc3 a6 5.Be3 b5 6.Qd2 Bb7 7.Bd3 Nd7 8.a4 b4 9.
Ne2 c5 10.c3 bxc3 11.bxc3 Qc7 12.O-O Ngf6 13.Ng3 O-O 14.Bh6 e6 15.Rfe1 
Rfd8 16.Qg5 Qa5 17.Rab1 Ra7 18.e5 dxe5 19.dxe5 Bxf3 20.Bxg7 Kxg7 21.gxf3 
Ng8 22.f4 h6 23.Qg4 Nxe5 24.Rxe5 Rxd3 25.f5 Qxc3 26.Qe2 exf5 27.Rb8 Nf6 
28.Ree8 Rd2 29.Qe1 Rad7 30.Nf1 Rc2 31.Rg8+ Nxg8 32.Qe8 Qd4 33.Qxg8+ Kf6 
34.Qh8+ Kg5 35.h4+ Qxh4 0-1

[Event "7th Asia-ch"]
[Site "Subic Bay PHI"]
[Date "2009.05.20"]
[Round "8"]
[White "Wahono, Awam"]
[Black "Garcia, Jan Emmanuel"]
[Result "1/2-1/2"]
[WhiteElo "2391"]
[BlackElo "2292"]
[EventDate "2009.05.13"]
[PlyCount "153"]

1.e4 d6 2.d4 Nf6 3.Nc3 g6 4.Nf3 Bg7 5.Be2 O-O 6.O-O Nc6 7.d5 Ne5 8.Nxe5 
dxe5 9.Kh1 e6 10.Bg5 exd5 11.Nxd5 c6 12.Bxf6 Bxf6 13.Ne3 Qc7 14.Bc4 Kg7 
15.Qe1 Rd8 16.Rd1 Rxd1 17.Qxd1 Qe7 18.Qe2 Bd7 19.Rd1 Rd8 20.c3 Bc8 21.Bb3 
Rxd1+ 22.Qxd1 b6 23.h3 Bg5 24.Nc2 Qf6 25.Qe2 a5 26.Ne1 Qd6 27.Nf3 Bf6 28.
Qe3 Qd8 29.Qe2 Qd6 30.Kh2 Qc5 31.g3 Ba6 32.Qd2 Be7 33.Kg2 Qd6 34.Qe3 Bd8 
35.h4 h5 36.Ng5 Bxg5 37.hxg5 Qd3 38.Qxb6 a4 39.Bd1 Qf1+ 40.Kh2 Qxd1 41.
Qxa6 Qe1 42.Qb6 Qxe4 43.Qc5 h4 44.Qe3 hxg3+ 45.Kxg3 Qd5 46.b3 axb3 47.axb3
Qxb3 48.Qxe5+ Kh7 49.Qf6 Qc4 50.f3 Qd5 51.Kf4 Qd2+ 52.Ke4 Qd5+ 53.Ke3 Qc5+
54.Kd2 Qd5+ 55.Kc1 Kg8 56.f4 Kf8 57.Kc2 Ke8 58.Qe5+ Kd7 59.Qxd5+ cxd5 60.
Kd3 Ke6 61.Ke3 Kf5 62.Kd4 Kxf4 63.Kxd5 Kxg5 64.c4 Kf6 65.Kd6 g5 66.c5 g4 
67.c6 g3 68.c7 g2 69.c8=Q g1=Q 70.Qh8+ Qg7 71.Qh4+ Qg5 72.Qh8+ Qg7 73.Qh4+
Kg6 74.Qe4+ f5 75.Qg2+ Kf6 76.Qxg7+ Kxg7 77.Ke5 1/2-1/2

[Event "7th Asia-ch"]
[Site "Subic Bay PHI"]
[Date "2009.05.20"]
[Round "8"]
[White "Hassan, Abdullah"]
[Black "Akshayraj, Kore"]
[Result "0-1"]
[WhiteElo "2322"]
[BlackElo "2404"]
[EventDate "2009.05.13"]
[PlyCount "72"]

1.d4 Nf6 2.Nf3 d6 3.g3 Nbd7 4.c4 e5 5.Nc3 c6 6.Bg2 e4 7.Nd2 d5 8.cxd5 cxd5
9.Nb3 Bd6 10.O-O O-O 11.f3 exf3 12.Bxf3 Nb6 13.Bg5 Be7 14.Bf4 Bh3 15.Re1 
Rc8 16.e4 dxe4 17.Nxe4 Nfd5 18.Bc1 Nc4 19.Nbc5 b6 20.b3 Na5 21.Nd3 f5 22.
Nef2 Nc3 23.Qd2 Bg4 24.Bg2 Bf6 25.Ne5 Re8 26.b4 Nc4 27.Qxc3 Nxe5 28.Qb3+ 
Nc4 29.Rxe8+ Qxe8 30.Bd5+ Kh8 31.Bxc4 Qe1+ 32.Kg2 Bxd4 33.Be3 Qxa1 34.Qd3 
Qc3 35.Bxd4 Qxc4 36.Qxc4 Rxc4 0-1

[Event "7th Asia-ch"]
[Site "Subic Bay PHI"]
[Date "2009.05.20"]
[Round "8"]
[White "Novita, Anjas"]
[Black "Villamayor, Buenaventura"]
[Result "0-1"]
[WhiteElo "2345"]
[BlackElo "2474"]
[EventDate "2009.05.13"]
[PlyCount "56"]

1.e4 d6 2.d4 Nf6 3.Nc3 g6 4.f3 c6 5.Be3 b5 6.Qd2 Nbd7 7.g4 Nb6 8.g5 Nfd7 
9.h4 Bg7 10.h5 Rg8 11.hxg6 hxg6 12.Nd1 e5 13.c3 Qe7 14.Nf2 Bb7 15.O-O-O 
O-O-O 16.Kb1 d5 17.Qc2 Kb8 18.Ngh3 Rge8 19.Bd3 b4 20.f4 dxe4 21.Bxe4 Nc4 
22.Bc1 exd4 23.cxd4 Ndb6 24.Rhe1 Rxd4 25.Bxc6 Qxe1 26.Rxe1 Rxe1 27.Bxb7 
Nd2+ 28.Ka1 Rc4 0-1

[Event "7th Asia-ch"]
[Site "Subic Bay PHI"]
[Date "2009.05.20"]
[Round "8"]
[White "Hoang Canh Huan"]
[Black "Bancod, Ronald"]
[Result "0-1"]
[WhiteElo "2378"]
[BlackElo "2356"]
[EventDate "2009.05.13"]
[PlyCount "70"]

1.e4 e5 2.Nf3 Nc6 3.Bb5 a6 4.Bxc6 dxc6 5.d3 f6 6.h3 c5 7.a4 Be6 8.b3 Ne7 
9.Nbd2 g5 10.h4 g4 11.Nh2 Qd7 12.h5 O-O-O 13.Bb2 Rg8 14.Nhf1 Nc6 15.a5 Bh6
16.Ng3 Bf4 17.Ne2 Nd4 18.Ra4 f5 19.exf5 Bd5 20.Bxd4 Bxd2+ 21.Kxd2 cxd4 22.
Ng3 Qc6 23.Kc1 Bxb3 24.Ra3 Bd5 25.Re1 Bxg2 26.Qd2 Rd5 27.Ra2 Kb8 28.Ra1 
Rc5 29.Ra2 Bd5 30.Rb2 Qa4 31.Ne4 Bxe4 32.Rxe4 g3 33.fxg3 Rxg3 34.f6 Rg1+ 
35.Re1 Rxc2+ 0-1

[Event "7th Asia-ch"]
[Site "Subic Bay PHI"]
[Date "2009.05.20"]
[Round "8"]
[White "Lou Yiping"]
[Black "Jia Haoxiang"]
[Result "1-0"]
[WhiteElo "2410"]
[BlackElo "2344"]
[EventDate "2009.05.13"]
[PlyCount "107"]

1.c4 c5 2.Nf3 Nf6 3.Nc3 g6 4.d4 cxd4 5.Nxd4 Bg7 6.e4 d6 7.Be2 a6 8.O-O O-O
9.Be3 Nbd7 10.Qd2 Ne5 11.f3 Bd7 12.Rfd1 Qc7 13.Rac1 Rfc8 14.b3 Qd8 15.Bf1 
Rab8 16.a4 Nc6 17.Kh1 Na5 18.Rb1 Nc6 19.Nxc6 Bxc6 20.b4 Be8 21.a5 h5 22.
Rdc1 Kh7 23.h3 Bd7 24.Bd3 Qh8 25.Ne2 Qf8 26.b5 Bh6 27.f4 Bg7 28.e5 Ne8 29.
bxa6 bxa6 30.Bd4 dxe5 31.fxe5 Nc7 32.Rf1 Qe8 33.Nf4 Ne6 34.Nxe6 Bxe6 35.
Qe2 Kg8 36.Bb6 Qc6 37.c5 Bxh3 38.Bxa6 Bg4 39.Qc4 Be6 40.Qd4 h4 41.Be2 Qd5 
42.Qxd5 Bxd5 43.Rbd1 Bc6 44.e6 f5 45.a6 Be5 46.a7 Ra8 47.Bf3 Kg7 48.Rd7 
Kf6 49.Rfd1 Bxf3 50.gxf3 Bc7 51.Bxc7 Rxa7 52.Be5+ Kxe5 53.Rxa7 Rxc5 54.
Rxe7 1-0

[Event "7th Asia-ch"]
[Site "Subic Bay PHI"]
[Date "2009.05.20"]
[Round "8"]
[White "Pascua, Haridas"]
[Black "Yu Lie"]
[Result "0-1"]
[WhiteElo "2359"]
[BlackElo "2307"]
[EventDate "2009.05.13"]
[PlyCount "94"]

1.d4 Nf6 2.Nf3 g6 3.c4 Bg7 4.Nc3 d6 5.e4 O-O 6.Be2 e5 7.O-O Nc6 8.d5 Ne7 
9.b4 a5 10.Ba3 Nd7 11.bxa5 Rxa5 12.Bb4 Ra6 13.a4 f5 14.Nd2 Bh6 15.Nb3 Nf6 
16.c5 fxe4 17.Bxa6 bxa6 18.Na5 Bg4 19.Qb3 Nf5 20.cxd6 cxd6 21.Qc4 Qd7 22.
Nxe4 Nxe4 23.Qxe4 Nd4 24.Nc6 Bf3 25.gxf3 Qh3 26.Nxd4 Bf4 27.Qxf4 Rxf4 28.
Nc6 Qxf3 29.h3 Qxh3 30.Ra3 Rg4+ 31.Rg3 Rxg3+ 32.fxg3 Qxg3+ 33.Kh1 Qd3 34.
Kg1 Qg3+ 35.Kh1 e4 36.Ne7+ Kh8 37.Nc6 Kg7 38.a5 h5 39.Be1 Qd3 40.Kg2 e3 
41.Nd8 Qxd5+ 42.Kh2 Qc4 43.Kg2 h4 44.Kg1 Qg4+ 45.Kh1 Qc8 46.Nf7 Qc4 47.Kg1
h3 0-1

[Event "7th Asia-ch"]
[Site "Subic Bay PHI"]
[Date "2009.05.20"]
[Round "8"]
[White "Celis, Solomon"]
[Black "Nguyen Hoang Nam"]
[Result "0-1"]
[WhiteElo "2007"]
[BlackElo "2281"]
[EventDate "2009.05.13"]
[PlyCount "72"]

1.d4 Nf6 2.c4 g6 3.Nc3 d5 4.Nf3 Bg7 5.cxd5 Nxd5 6.g3 O-O 7.Bg2 Nc6 8.O-O 
Nb6 9.Bf4 Nxd4 10.Nxd4 e5 11.Nc6 bxc6 12.Be3 Bb7 13.Qb3 Qc8 14.Rac1 Rd8 
15.Ne4 Nd5 16.Bg5 Re8 17.Nc5 Rb8 18.Qc4 Ba8 19.e4 h6 20.exd5 cxd5 21.Bxd5 
Bxd5 22.Qxd5 hxg5 23.Rc2 Rb4 24.a3 Rd4 25.Qc6 e4 26.b4 Rd6 27.Qa4 Bd4 28.
Qxa7 e3 29.fxe3 Rxe3 30.Kh1 Rf6 31.Rxf6 Re1+ 32.Kg2 Rg1+ 33.Kf3 Bxf6 34.
Re2 Bd4 35.Ke4 Rd1 36.Kf3 Qf5+ 0-1

[Event "7th Asia-ch"]
[Site "Subic Bay PHI"]
[Date "2009.05.21"]
[Round "9"]
[White "Ganguly, Surya Shekhar"]
[Black "Zhou Weiqi"]
[Result "1/2-1/2"]
[WhiteElo "2625"]
[BlackElo "2563"]
[EventDate "2009.05.13"]
[PlyCount "77"]

1.e4 c5 2.Nf3 Nc6 3.d4 cxd4 4.Nxd4 Nf6 5.Nc3 e5 6.Ndb5 d6 7.Bg5 a6 8.Na3 
b5 9.Nd5 Be7 10.Bxf6 Bxf6 11.c3 Bg5 12.Nc2 Ne7 13.h4 Bh6 14.a4 bxa4 15.
Ncb4 O-O 16.Qxa4 a5 17.Bb5 Nxd5 18.Nxd5 Be6 19.Bc6 Rb8 20.b4 axb4 21.cxb4 
Bxd5 22.Bxd5 Kh8 23.b5 Qb6 24.Bc6 Be3 25.Ra2 Bd4 26.Qc2 Qd8 27.g3 d5 28.
Bxd5 Rxb5 29.O-O Rc5 30.Qe2 f5 31.Ra8 Rc8 32.Rxc8 Qxc8 33.exf5 Qxf5 34.Be4
Qh3 35.Qd3 g6 36.Qa3 Kg7 37.Bd5 Qd7 38.Qb3 Qa7 39.Qb7+ 1/2-1/2

[Event "7th Asia-ch"]
[Site "Subic Bay PHI"]
[Date "2009.05.21"]
[Round "9"]
[White "Hou Yifan"]
[Black "Sandipan, Chanda"]
[Result "1/2-1/2"]
[WhiteElo "2590"]
[BlackElo "2558"]
[EventDate "2009.05.13"]
[PlyCount "140"]

1.e4 c5 2.Nf3 d6 3.d4 cxd4 4.Nxd4 Nf6 5.Nc3 a6 6.Be3 e6 7.Be2 Be7 8.a4 Nc6
9.O-O O-O 10.f4 Qc7 11.Kh1 Bd7 12.Nb3 b6 13.Bf3 Rfe8 14.g4 Bc8 15.g5 Nd7 
16.Bg2 Bb7 17.Rf3 Bf8 18.Rh3 g6 19.Qe1 Nb4 20.Rc1 Bg7 21.Qh4 Nf8 22.Qf2 
Nd7 23.Rf1 Re7 24.f5 exf5 25.exf5 Bxg2+ 26.Qxg2 Rae8 27.Bd2 gxf5 28.Rh4 a5
29.Nd4 Bxd4 30.Nb5 Qc6 31.Qxc6 Nxc6 32.Nxd4 Nxd4 33.Rxd4 Nc5 34.Rxd6 Re2 
35.Rd5 Ne4 36.Be1 f4 37.Bh4 Rxc2 38.Rxf4 Rxb2 39.Rd7 Nxg5 40.Rf2 Rb1+ 41.
Kg2 Re4 42.Bxg5 Rg4+ 43.Kh3 Rxg5 44.Rfxf7 Rh5+ 45.Kg4 Rxh2 46.Rg7+ Kh8 47.
Rge7 Rg1+ 48.Kf3 Rg8 49.Rb7 Rf8+ 50.Ke3 Rh6 51.Ke2 Rc8 52.Ke3 Rh3+ 53.Kd2 
Rg8 54.Ke2 Rg2+ 55.Kf1 Rhh2 56.Rxb6 Rf2+ 57.Kg1 Rfg2+ 58.Kf1 Rg8 59.Rbb7 
Rc8 60.Kg1 Rh4 61.Kf2 Rf8+ 62.Ke2 Rg8 63.Ra7 Rh5 64.Ke3 Rc8 65.Ke2 Rf8 66.
Ke3 Rb8 67.Kf3 Rf8+ 68.Ke3 Rh3+ 69.Kd4 Rd8+ 70.Ke4 Rh4+ 1/2-1/2

[Event "7th Asia-ch"]
[Site "Subic Bay PHI"]
[Date "2009.05.21"]
[Round "9"]
[White "Antonio, Rogelio jr"]
[Black "Le Quang Liem"]
[Result "1-0"]
[WhiteElo "2518"]
[BlackElo "2591"]
[EventDate "2009.05.13"]
[PlyCount "137"]

1.e4 c5 2.Nf3 d6 3.d4 cxd4 4.Qxd4 a6 5.c4 Nc6 6.Qe3 g6 7.Be2 Bg7 8.O-O Nf6
9.Nc3 O-O 10.h3 Be6 11.Rb1 Rc8 12.b3 Qa5 13.Bd2 Qc5 14.Rbc1 Nd7 15.Ng5 
Qxe3 16.Bxe3 Nc5 17.Rfd1 h6 18.Nxe6 fxe6 19.f3 g5 20.Bf1 Be5 21.Ne2 Kg7 
22.Rd2 a5 23.Rb1 Kg6 24.a3 Na6 25.Rdd1 h5 26.Bd2 b6 27.b4 axb4 28.axb4 
Nab8 29.Be3 Nd7 30.h4 Bf6 31.hxg5 Bxg5 32.f4 Bh6 33.g3 Kf7 34.Bf2 Rg8 35.
Bg2 Ncb8 36.c5 bxc5 37.b5 Nb6 38.e5 Rcd8 39.Bf3 h4 40.Bh5+ Kf8 41.Bxc5 Nd5
42.Bd4 hxg3 43.Rf1 Nd7 44.b6 dxe5 45.fxe5+ Kg7 46.b7 Be3+ 47.Bxe3 Nxe3 48.
Rf3 Nc4 49.Rxg3+ Kh6 50.Bg4 Ncxe5 51.Rh3+ Kg5 52.Bxe6 Rg6 53.Rg3+ Kh6 54.
Rxg6+ Kxg6 55.Bxd7 Nxd7 56.Rd1 Kf6 57.Rxd7 Rg8+ 58.Kf2 Ke6 59.Rc7 Rb8 60.
Nd4+ Kd5 61.Nb5 e5 62.Ke2 e4 63.Kd2 Ke5 64.Kc3 Kd5 65.Kb4 e3 66.Kc3 e2 67.
Kd2 Re8 68.Ke1 Rb8 69.Kxe2 1-0

[Event "7th Asia-ch"]
[Site "Subic Bay PHI"]
[Date "2009.05.21"]
[Round "9"]
[White "Zhou Jianchao"]
[Black "Toufighi, Homayoon"]
[Result "1-0"]
[WhiteElo "2635"]
[BlackElo "2478"]
[EventDate "2009.05.13"]
[PlyCount "71"]

1.Nf3 Nf6 2.c4 e6 3.Nc3 Bb4 4.Qc2 b6 5.e4 Bxc3 6.bxc3 d6 7.g3 Bb7 8.d3 O-O
9.Bg2 Nbd7 10.O-O Re8 11.a4 a5 12.Nd4 d5 13.cxd5 exd5 14.Re1 c5 15.Nb5 c4 
16.dxc4 dxe4 17.Nd6 Re6 18.Nxb7 Qc7 19.Rxe4 Nxe4 20.Bxe4 Rc6 21.Bxh7+ Kh8 
22.Be4 Qxb7 23.Be3 Re8 24.Bd4 Qc8 25.Bxc6 Qxc6 26.Qf5 Qe6 27.Qxe6 Rxe6 28.
Kf1 Rc6 29.Re1 Rxc4 30.Re8+ Kh7 31.Re7 Nc5 32.Rxf7 Ne6 33.Bxb6 Rxa4 34.Re7
Ng5 35.h4 Ne4 36.Bd4 1-0

[Event "7th Asia-ch"]
[Site "Subic Bay PHI"]
[Date "2009.05.21"]
[Round "9"]
[White "Al-Sayed, Mohamad Naser"]
[Black "Nguyen Ngoc Truong Son"]
[Result "1/2-1/2"]
[WhiteElo "2496"]
[BlackElo "2588"]
[EventDate "2009.05.13"]
[PlyCount "78"]

1.d4 d5 2.c4 c6 3.Nc3 Nf6 4.e3 a6 5.Nf3 e6 6.b3 c5 7.Be2 Nc6 8.O-O cxd4 9.
exd4 Be7 10.Bb2 O-O 11.Rc1 Re8 12.Bd3 g6 13.Qd2 Bf8 14.Rfe1 Bd7 15.Ne5 Bg7
16.Qf4 Rc8 17.Rcd1 Qe7 18.Bf1 dxc4 19.bxc4 Qf8 20.Ne4 Nxe4 21.Nxd7 Qd6 22.
Ne5 Nxe5 23.dxe5 Qb4 24.Rd7 Rf8 25.Qxe4 Qxb2 26.Qxb7 Bxe5 27.Qxa6 Bd4 28.
Re2 Qc3 29.Re4 e5 30.Qb5 Ra8 31.Re2 Rab8 32.Rb7 Rxb7 33.Qxb7 Qxc4 34.Qe4 
Rb8 35.g3 f5 36.Qc2 Qxc2 37.Rxc2 Rb1 38.Kg2 Kg7 39.Bc4 Rb2 1/2-1/2

[Event "7th Asia-ch"]
[Site "Subic Bay PHI"]
[Date "2009.05.21"]
[Round "9"]
[White "Al-Modiahki, Mohamad"]
[Black "Murshed, Niaz"]
[Result "1/2-1/2"]
[WhiteElo "2585"]
[BlackElo "2407"]
[EventDate "2009.05.13"]
[PlyCount "60"]

1.e4 e6 2.d4 d5 3.Nc3 dxe4 4.Nxe4 Bd7 5.Bd3 Bc6 6.Nf3 Nd7 7.Qe2 Ngf6 8.
Neg5 Qe7 9.Ne5 Nxe5 10.dxe5 Nd5 11.O-O h6 12.Ne4 O-O-O 13.c4 f5 14.Nd6+ 
cxd6 15.cxd5 Bxd5 16.Bf4 Qh4 17.Rac1+ Kb8 18.Bg3 Qa4 19.Rfd1 f4 20.Bb5 Qe4
21.Qxe4 Bxe4 22.Bxf4 d5 23.f3 Bg6 24.Be3 Be7 25.Kf2 a6 26.Bf1 Rc8 27.Bd4 
Bc2 28.Rd2 Bg6 29.Rdd1 Bc2 30.Rd2 Bg6 1/2-1/2

[Event "7th Asia-ch"]
[Site "Subic Bay PHI"]
[Date "2009.05.21"]
[Round "9"]
[White "Rahman, Ziaur"]
[Black "Gupta, Abhijeet"]
[Result "1-0"]
[WhiteElo "2523"]
[BlackElo "2570"]
[EventDate "2009.05.13"]
[PlyCount "91"]

1.e4 c5 2.Nc3 d6 3.g3 Nc6 4.Bg2 g6 5.d3 Bg7 6.Nge2 Nf6 7.Be3 Rb8 8.h3 O-O 
9.Qd2 Re8 10.f4 Nd7 11.O-O Nd4 12.Rab1 Qa5 13.a3 Nxe2+ 14.Qxe2 Bxc3 15.
bxc3 Qxc3 16.Bc1 Qg7 17.Bb2 e5 18.Rf2 f6 19.Rbf1 Nf8 20.c3 Be6 21.d4 exf4 
22.Rxf4 Nd7 23.h4 b5 24.Qd2 Bc4 25.R1f2 Re7 26.Bh3 Rf8 27.Kh2 a5 28.Bc1 a4
29.Qd1 h6 30.Qf3 g5 31.Rg2 Be6 32.Rf5 Kh8 33.Kh1 Kg8 34.Bf4 cxd4 35.cxd4 
Bxf5 36.Bxf5 gxf4 37.gxf4 Rc8 38.Kh2 Rc1 39.e5 dxe5 40.Qd5+ Kh8 41.Rxg7 
Rxg7 42.dxe5 b4 43.e6 Rc5 44.Qa8+ Rg8 45.Qxg8+ Kxg8 46.exd7 1-0